000 00231 a2200097 4500
001 13074
100 _aMcMillin,S
245 _aRestoration and Eighteenth-Century Comedy
260 _a
_bW.W.Norton & Company
_c
090 _c10075
_d10075
942 _aNUST-CAE
_cM
_c87
999 _c248147
_d248147